| 000 | 00373nam a2200145Ia 4500 | ||
|---|---|---|---|
| 008 | 211109s9999||||xx |||||||||||||| ||und|| | ||
| 082 |
_a824 _bCRA-E |
||
| 100 | _aCraik, Henry | ||
| 245 | 0 | _aENGLISH PROSE | |
| 260 |
_bUnknown Publisher _aNo Place _c2000 |
||
| 300 | _a603p | ||
| 630 | _xGeneral Stack | ||
| 650 |
_aEnglish Literature _vEnglish Essay _xEnglish |
||
| 942 | _cBOOK | ||
| 999 |
_c3463 _d3463 |
||